000 00532nam a2200193Ia 4500
003 OSt
005 20251219152136.0
008 Pun
037 _cTB
040 _aARTS
_cARTS
_bPun
041 _2Pun
_aPun
084 _aO153,3NSU2x M0
_qAL
100 _aਸਿੰਘ, ਸੁਖਮੰਦਰ
_9858130
245 0 _aਪਰਛਾਈਆਂ
260 _c1980
650 _aਪੰਜਾਬੀ ਸਾਹਿਤ
_9858131
942 _hO153,3NS42x, M0
_cTB
_2CC
_n0
999 _c385813
_d385813